Богач, бедняк; Нищий, вор: Романы : [Дилогия] : пер. с англ.

Մատենագիտական մանրամասներ
Հիմնական հեղինակ: Шоу И. Ирвин
Ամփոփում:Исключено из фонда НТБ ТПУ
Լեզու:ռուսերեն
Հրապարակվել է: Москва, Радуга, 1986
Ձևաչափ: Գիրք
KOHA link:https://koha.lib.tpu.ru/cgi-bin/koha/opac-detail.pl?biblionumber=80843

MARC

LEADER 00000nam0a2200000 4500
001 80843
005 20231101213133.0
020 |a RU  |b 86-25956 
035 |a (RuTPU)RU\TPU\book\86908 
090 |a 80843 
100 |a 20050913d1986 m y0rusy5003 ca 
101 1 |a rus  |c eng 
102 |a RU 
105 |a y z 000ay 
200 1 |a Богач, бедняк; Нищий, вор  |e Романы : [Дилогия] : пер. с англ.  |f Ирвин Шоу  |g [Предисл. С. Белова] 
210 |a Москва  |c Радуга  |d 1986 
215 |a 781,[2] с.  |d 21 см 
333 |a Исключено из фонда НТБ ТПУ 
675 |a 82  |z rus 
700 1 |a Шоу  |b И.  |c американский писатель  |f 1913-1984  |g Ирвин  |2 stltpush  |3 (RuTPU)RU\TPU\pers\11452  |9 2647 
801 0 |a RU  |b RuMRKP  |c 19950704  |g psbo 
801 1 |a RU  |b 63413507  |c 20050913  |g PSBO 
801 2 |a RU  |b 63413507  |c 20211221  |g PSBO 
942 |c BK